<?xml version="1.0" encoding="UTF-8"?>
<collection xmlns="http://www.loc.gov/MARC21/slim">
 <record>
  <leader>01557nam a2200217Ia 4500</leader>
  <controlfield tag="001">CTU_210793</controlfield>
  <controlfield tag="008">210402s9999    xx            000 0 und d</controlfield>
  <datafield tag="020" ind1=" " ind2=" ">
   <subfield code="c">28.00</subfield>
  </datafield>
  <datafield tag="082" ind1=" " ind2=" ">
   <subfield code="a">539.72</subfield>
  </datafield>
  <datafield tag="082" ind1=" " ind2=" ">
   <subfield code="b">R744</subfield>
  </datafield>
  <datafield tag="100" ind1=" " ind2=" ">
   <subfield code="a">Rolnick, William B.</subfield>
  </datafield>
  <datafield tag="245" ind1=" " ind2="0">
   <subfield code="a">Remnants of the fall :</subfield>
  </datafield>
  <datafield tag="245" ind1=" " ind2="0">
   <subfield code="b">Revelations of particle secrets</subfield>
  </datafield>
  <datafield tag="245" ind1=" " ind2="0">
   <subfield code="c">William B. Rolnick</subfield>
  </datafield>
  <datafield tag="260" ind1=" " ind2=" ">
   <subfield code="a">Singapre</subfield>
  </datafield>
  <datafield tag="260" ind1=" " ind2=" ">
   <subfield code="b">World Scientific</subfield>
  </datafield>
  <datafield tag="260" ind1=" " ind2=" ">
   <subfield code="c">2003</subfield>
  </datafield>
  <datafield tag="520" ind1=" " ind2=" ">
   <subfield code="a">This is a book that sings about the beauty of the fundamental laws of nature. Clear, accurate descriptions for general science readers (no equations in sight!) are punctuated with original, scintillating verses. The reader is taken on a journey through the contemporary understanding of the building blocks of nature and their interactions — the current status of that age-old, intriguing quest. The central role of symmetry is explained in a manner suitable for general science readers, and its splendor is celebrated in verse. The book facilitates understanding of the background and significance of today's scientific discoveries in atomic, nuclear and particle physics. Many of the poems appear as interludes that reinforce the discussions as they amuse the reader, making this informative book a delight to read.</subfield>
  </datafield>
  <datafield tag="650" ind1=" " ind2=" ">
   <subfield code="a">Symmetry (Physics),Standard model (Nuclear physics),Hạt (vật lý hạt nhân),Symmetry (Vật Lý),Mô hình tiêu chuẩn (vật lý hạt nhân),Particles (Nuclear physics)</subfield>
  </datafield>
  <datafield tag="904" ind1=" " ind2=" ">
   <subfield code="i">Qhieu</subfield>
  </datafield>
  <datafield tag="980" ind1=" " ind2=" ">
   <subfield code="a">Trung tâm Học liệu Trường Đại học Cần Thơ</subfield>
  </datafield>
 </record>
</collection>
